000 00669nam a22001937a 4500
005 20250619160940.0
010 _aENG-144743
020 _a9788197633546
_c195.00
035 _aEN-128275
037 _bDBAD
082 _a000
245 _aChronicle Current Issues Roundup 2025
_cEdited by N.N. Ojha
260 _aNoida
_bChronicle Publication
_c2024
270 _aA-27D, Sector 16
_bNoida
_e201301
_k0120-2514610/12
_minfo@chronicleindia.in
300 _a178p.
_c28cm(pbk)
500 _aAlso Useful for all State Public Service Commission and other Examination value addition special
700 _aOjha, N.N.
_977953
942 _2ddc
_cEN
_mCHR
_h000
999 _c209321
_d209321